000 00707nam a2200169 i 4500
001 23090
003 ES-MaACL
005 20230906152821.0
007 t|
008 021209s1928 fr ||||1| fre d
100 1 _aAlvarez, Alejandro.
_920610
245 1 3 _aLe panamericanisme et la sixième Conférence Panaméricaine
_b: tenue a La Havane en 1928 : communication a l'Academie des Sciencies Morales y Politiques (Séance du 5 mai 1928) /
_cpar Alejandro Alvarez.
260 _aParís :
_bLes Editions Internationales,
_c1928 (
_eIssoudum :
_fRapide du Centres)
300 _a190 p. ;
_c25 cm.
710 2 _aAcadémie des sciences morales et politiques (Francia)
_91232
852 _aES-MaACL
_jA-333
_bR.9573
999 _c23090
_d23090